| 000 | 00314cam a22001097a 4500 | ||
|---|---|---|---|
| 008 | 180718b1937 xxu||||| |||| 00| 0 eng d | ||
| 082 | _aI24x54 Un3 | ||
| 245 | _aInstrument of instructions to the governor-general of India | ||
| 260 |
_aDelhi _bManager of Publications _c1937 |
||
| 300 | _a5+p | ||
| 440 | _aR.O. 42/1800 | ||
| 999 |
_c491162 _d491162 |
||